[Event "TCh-SUI 2013"]
[Site "Switzerland SUI"]
[Date "2013.05.26"]
[Round "3.3"]
[White "Sedina,E"]
[Black "Edouard,R"]
[Result "0-1"]
[WhiteElo "2349"]
[BlackElo "2666"]

1.e4 c5 2.Nf3 d6 3.Bb5+ Nd7 4.d4 cxd4 5.Qxd4 a6 6.Bxd7+ Bxd7 7.O-O Bg4 8.Nbd2 Nf6
9.b3 e5 10.Qd3 Be7 11.h3 Bd7 12.Re1 O-O 13.Nf1 d5 14.Nxe5 dxe4 15.Qe2 Be6
16.Bb2 Qc7 17.Ng4 Nxg4 18.hxg4 Rac8 19.c4 f5 20.gxf5 Bxf5 21.Ne3 Bc5 22.Red1 Bg6
23.Qg4 Qf7 24.Qg3 Rc6 25.Bd4 Bd6 26.Qh4 Be7 27.Qg3 Bh5 28.Rd2 Bb4 29.Rc2 Rd8
30.Bc3 Bc5 31.Nd5 Rf8 32.Ne3 Bd6 33.Be5 Be7 34.Qh2 Rh6 35.Rd2 Be2 36.Rxe2 Rxh2
37.Bxh2 Qh5 38.Rd2 Bb4 39.Rc2 Bc5 40.Nd5 Qh4 41.g3 Qh5 42.Nf4 Qf3 43.b4 Bd4  0-1

[Event "TCh-POL Ekstraliga 2013"]
[Site "Wroclaw POL"]
[Date "2013.05.26"]
[Round "3"]
[White "Czarnota,P"]
[Black "Janczarski,M"]
[Result "1/2-1/2"]
[WhiteElo "2538"]
[BlackElo "2346"]

1.e4 c5 2.Nf3 d6 3.Bb5+ Bd7 4.Bxd7+ Qxd7 5.c4 e5 6.Nc3 Nc6 7.O-O g6 8.a3 Bg7
9.b4 Nge7 10.d3 cxb4 11.axb4 Nxb4 12.Ba3 Na6 13.Qa4 Nc6 14.Nd5 O-O 15.Rfb1 Rab8
16.Nd2 f5 17.exf5 gxf5 18.Ra2 Rf7 19.Nb3 Nc7 20.Nxc7 Qxc7 21.Na1 b6 22.Nc2 Bh6
23.Qb5 Rd8 24.Rba1 Qd7 25.Qd5 Ne7 26.Qf3 Bg7 27.Bb2 a5 28.d4 Qc6 29.Qxc6 Nxc6
30.d5 Na7 31.Rb1 Rc7 32.Na3 Bh6 33.Bc3 Nc8 34.Kf1 Kf7 35.Rab2 Rg8 36.g3 Bg5
37.Ke2 h5 38.h4 Bd8 39.Bd2 Ke8 40.Be3 Rf7 41.Nb5 Rg4 42.Kd3 Kd7 43.Nc3 f4
44.gxf4 exf4 45.Bd4 Rxh4 46.Na4 Rh3+ 47.Ke4 Re7+ 48.Kf5 Rf7+ 49.Ke4 Re7+
50.Kf5 Rf7+ 51.Ke4 Re7+  1/2-1/2

[Event "2nd Salento Open"]
[Site "Gallipoli ITA"]
[Date "2013.05.27"]
[Round "4.11"]
[White "De Giorgi,S"]
[Black "Alkhaldi,Bader"]
[Result "0-1"]
[WhiteElo "2102"]
[BlackElo "1997"]

1.e4 c5 2.Nf3 d6 3.Bb5+ Bd7 4.Bxd7+ Qxd7 5.O-O e6 6.c3 Nf6 7.Qe2 Be7 8.d4 cxd4
9.cxd4 d5 10.Ne5 Qd8 11.exd5 Qxd5 12.Nc3 Qa5 13.Bd2 O-O 14.Ne4 Qa6 15.Nxf6+ Bxf6
16.Qxa6 Nxa6 17.Nd7 Rfd8 18.Nxf6+ gxf6 19.Bc3 Rd5 20.Rad1 Rad8 21.Rd3 Nc7
22.a4 Ne8 23.Rg3+ Rg5 24.Rf3 Rgd5 25.g4 Kg7 26.Re1 Kg6 27.h4 h5 28.Rg3 Nd6
29.f3 Rh8 30.Kf2 hxg4 31.Rxg4+ Kh7 32.Reg1 Nf5 33.h5 Rhd8 34.h6 Rc8 35.Rg7+ Nxg7
36.Rxg7+ Kxh6 37.Rxf7 Kg6 38.Rxb7 Ra8 39.a5 a6 40.Rb6 Kf5 41.Ke3 Rd7 42.Rc6 Rd5
43.Kd3 Ra7 44.f4 Rb5 45.Ke3 Rd5 46.Kf3 Rd8 47.Rc5+ Kg6 48.f5+ exf5 49.Rc6 Kg5
50.d5 Rxd5 51.Bxf6+ Kh5 52.Bc3 Kg5 53.Bf6+ Kh5 54.Bc3 Kg5 55.Bf6+ Kh5 56.Bc3 Ra8
57.Kf4 Re8 58.Rxa6 Re4+ 59.Kf3 Rd3+ 60.Kf2 Kg4 61.Rg6+ Kf4 62.Rh6 Rf3+ 63.Kg1 Ke3
64.a6 Rg4+ 65.Kh2 Rf2+ 66.Kh3 Rf1 67.Be5 Kf3  0-1

[Event "ZANOS 2013"]
[Site "Novi Sad/Vukovar SRB/CRO"]
[Date "2013.05.27"]
[Round "3.4"]
[White "Drazic,S"]
[Black "Dokic,Z"]
[Result "1-0"]
[WhiteElo "2468"]
[BlackElo "2224"]

1.e4 c5 2.Nf3 d6 3.Bb5+ Bd7 4.a4 Nc6 5.O-O Nf6 6.Re1 e6 7.c3 a6 8.Bf1 Be7
9.Na3 O-O 10.h3 Re8 11.Nc4 Nxe4 12.Rxe4 d5 13.Re1 dxc4 14.Bxc4 Na5 15.Ba2 c4
16.d3 b5 17.Ne5 Bf6 18.dxc4 Bxe5 19.Rxe5 bxa4 20.Be3 Nc6 21.Rc5 Ne7 22.Bb1 Bc6
23.Qxd8 Rexd8 24.Bc2 Rab8 25.Ra2 f6 26.f3 Rd6 27.Ra5 Be8 28.c5 Rdd8 29.Rxa6 Nd5
30.Kf2 Bb5 31.Rxe6 Bc4 32.Rxa4 Nxe3 33.Rxe3 Rd2+ 34.Kg3 Bf1 35.Be4 Rxg2+
36.Kf4 Rgxb2 37.h4 R2b5 38.Re1 Bh3 39.c6 Rc5 40.c4 Be6 41.Bxh7+ Kf7 42.Ra7+  1-0

[Event "ZANOS 2013"]
[Site "Novi Sad/Vukovar SRB/CRO"]
[Date "2013.05.28"]
[Round "4.4"]
[White "Rudakov,A"]
[Black "Colovic,A"]
[Result "1/2-1/2"]
[WhiteElo "2144"]
[BlackElo "2488"]

1.e4 c5 2.Nf3 d6 3.Bb5+ Nd7 4.d4 cxd4 5.Qxd4 a6 6.Bxd7+ Bxd7 7.O-O Bg4 8.Qd3 Nf6
9.c4 g6 10.Nd4 Bg7 11.Nc3 O-O 12.f3 Bd7 13.Be3 Qa5 14.Rac1 b5 15.cxb5 axb5
16.Ndxb5 Bxb5 17.Qxb5 Qxb5 18.Nxb5 Rfb8 19.Na7 Rxb2 20.Rc8+ Rxc8 21.Nxc8 Rxa2
22.Nxe7+ Kf8 23.Nc6 Ne8 24.Rd1 Ra1 25.Rxa1 Bxa1 26.Kf2 Kg7 27.g4 f6 28.Bd4  1/2-1/2

[Event "2nd Salento Open"]
[Site "Gallipoli ITA"]
[Date "2013.05.29"]
[Round "6.13"]
[White "De Giorgi,S"]
[Black "Schiappoli,D"]
[Result "1-0"]
[WhiteElo "2102"]
[BlackElo "1930"]

1.e4 c5 2.Nf3 d6 3.Bb5+ Bd7 4.Bxd7+ Qxd7 5.O-O Nc6 6.c3 Nf6 7.Qe2 e5 8.Rd1 Qg4
9.d3 h6 10.Na3 Be7 11.h3 Qe6 12.Nb5 O-O-O 13.a4 Kb8 14.Re1 g5 15.d4 Qd7 16.d5 Na5
17.Nd2 g4 18.hxg4 Rdg8 19.b4 Rxg4 20.f3 Rg6 21.bxa5 Nh5 22.Nf1 Bh4 23.Ra2 Ng3
24.Nxg3 Bxg3 25.Rd1 Qe7 26.Kf1 Qh4 27.Qe3 Rhg8 28.Qg1 f5 29.exf5 Qc4+ 30.Re2 Qxa4
31.Rdd2 Rf6 32.Na3 Bf4 33.Re4 Bxd2 34.Rxa4  1-0

[Event "70th ch-GEO w 2013"]
[Site "Tbilisi GEO"]
[Date "2013.05.29"]
[Round "3.3"]
[White "Kobeshavidze,L"]
[Black "Lomineishvili,M"]
[Result "1/2-1/2"]
[WhiteElo "1937"]
[BlackElo "2345"]

1.e4 c5 2.Nf3 d6 3.Bb5+ Bd7 4.a4 Nf6 5.Nc3 g6 6.O-O Bg7 7.d3 O-O 8.Bg5 Nc6
9.Bxc6 Bxc6 10.Re1 b6 11.Qd2 Re8 12.d4 cxd4 13.Nxd4 Bb7 14.f3 Rc8 15.Rad1 a6
16.Qf2 Qc7 17.Be3 Nd7 18.Nde2 Nc5 19.Bd4 Bc6 20.Bxg7 Kxg7 21.Nd5 Qb7 22.b3 b5
23.axb5 axb5 24.Nb4 Bd7 25.Nf4 Ne6 26.Nfd5 Bc6 27.f4 Nc7 28.Qd4+ e5 29.fxe5 dxe5
30.Qf2 Nxd5 31.exd5 Bd7 32.Ra1 Ra8 33.h3 Qc7 34.Qe3 Rxa1 35.Rxa1 e4 36.c3 Qe5
37.Ra7 Bf5 38.Qd4 Qxd4+ 39.cxd4 e3 40.Kf1 Be4 41.d6 Rd8 42.Re7 Bf5 43.g4 Bc8
44.Rc7 Bd7 45.Ke2 h5 46.Kxe3 hxg4 47.hxg4 Bxg4 48.Rc5 Rxd6 49.Rxb5 Bd1 50.Nd3 f5
51.Ne5 Kf6 52.Rb8 g5 53.Rf8+ Ke6 54.Re8+  1/2-1/2

[Event "Hungarian National Open 2013"]
[Site "Zalakaros HUN"]
[Date "2013.05.29"]
[Round "8"]
[White "Rigo,Ja"]
[Black "Zsirai,P"]
[Result "1/2-1/2"]
[WhiteElo "2287"]
[BlackElo "2199"]

1.e4 c5 2.Nf3 d6 3.Bb5+ Bd7 4.a4 Nc6 5.c3 Nf6 6.d3 e6 7.O-O Be7 8.Bg5 O-O
9.Re1 b6 10.Nbd2 a6 11.Bc4 h6 12.Bh4 Na5 13.Ba2 Nh5 14.Bxe7 Qxe7 15.Ne5 dxe5
16.Qxh5 Bxa4 17.Qxe5 Bc2 18.Re3 Rfd8 19.Rg3 Qf8 20.Bb1 Bxb1 21.Rxb1 Ra7 22.Kf1 Rad7
23.Ke2 Kh7 24.f4 Nc6 25.Qh5 g6 26.Qh4 b5 27.Qf6 Qe7 28.Qxe7 Nxe7 29.Ra1 Ra7
30.Rh3 Kg7 31.g4 b4 32.Ra5 Rc8 33.Rf3 Rc6 34.Rf1 Nc8 35.Nc4 Nd6 36.Nxd6 Rxd6
37.Rxc5 bxc3 38.Rxc3 Rb6 39.b3 Rab7 40.Rb1 a5 41.Kd2 a4 42.Kc2 Rb4 43.h4 R4b5
44.b4 Rxb4 45.Rxb4 Rxb4 46.Ra3 h5 47.gxh5 gxh5 48.Ra1 Kf6 49.Kc3 Rb3+ 50.Kc2 Rb4
51.Ra2 Kg6  1/2-1/2

[Event "French Top 12 2013"]
[Site "Haguenau FRA"]
[Date "2013.05.30"]
[Round "1.2"]
[White "Svetushkin,D"]
[Black "Nyzhnyk,I"]
[Result "1/2-1/2"]
[WhiteElo "2588"]
[BlackElo "2635"]

1.e4 c5 2.Nf3 d6 3.Bb5+ Bd7 4.Bxd7+ Qxd7 5.c4 Nf6 6.Nc3 g6 7.d4 cxd4 8.Nxd4 Bg7
9.h3 O-O 10.Be3 Rc8 11.b3 e6 12.Rc1 d5 13.exd5 exd5 14.cxd5 Na6 15.Nde2 Nb4
16.Nf4 Nh5 17.Nfe2 Nf6 18.Nf4 Nh5 19.Nfe2  1/2-1/2

[Event "70th ch-GEO w 2013"]
[Site "Tbilisi GEO"]
[Date "2013.05.30"]
[Round "4.2"]
[White "Melia,S"]
[Black "Guramishvili,S"]
[Result "1/2-1/2"]
[WhiteElo "2423"]
[BlackElo "2426"]

1.e4 c5 2.Nf3 d6 3.Bb5+ Bd7 4.Bxd7+ Qxd7 5.c4 Nc6 6.Nc3 g6 7.d4 cxd4 8.Nxd4 Bg7
9.Be3 Nf6 10.f3 O-O 11.O-O e6 12.Rc1 Rfd8 13.Qd2 Qe7 14.Rfe1 Rd7 15.Kh1 Rc8
16.Nxc6 bxc6 17.b4 e5 18.b5 Qd8 19.bxc6 Rxc6 20.Nd5 Ne8 21.Bg5 f6 22.Nxf6+ Bxf6
23.Qd5+ Rf7 24.Bxf6 Qc8 25.Bg5 Rc5 26.Qd3 Rfc7 27.Be3 Rxc4 28.Rxc4 Rxc4 29.Qd5+ Kg7
30.Bxa7 Ra4 31.Be3 Qc3 32.Qb7+ Kf6 33.Qb1 Rxa2 34.Rg1 Qb2 35.Qe1 Kg7 36.Qh4 Qb7
37.Bh6+ Kg8 38.Qg4 Kf7 39.Qh3 Nf6 40.Bg5 h5 41.Bxf6 Kxf6 42.g4 hxg4 43.Qh8+ Qg7
44.Qh4+ Kf7 45.Rb1 Ra7 46.fxg4 Qf6 47.Qh7+ Ke6 48.Qh3 Qf4 49.g5+ Ke7 50.Qh7+ Qf7
51.Qh3 Qf4 52.Qh7+ Qf7 53.Qh3  1/2-1/2

[Event "French Top 12 2013"]
[Site "Haguenau FRA"]
[Date "2013.06.01"]
[Round "3.2"]
[White "Iordachescu,V"]
[Black "Williams,Si1"]
[Result "1-0"]
[WhiteElo "2582"]
[BlackElo "2511"]

1.e4 c5 2.Nf3 d6 3.Bb5+ Nc6 4.O-O Bd7 5.Re1 Nf6 6.c3 a6 7.Bf1 e5 8.Na3 Bg4
9.Nc2 Be7 10.Ne3 Bh5 11.Nf5 O-O 12.d3 Ne8 13.h3 Nc7 14.g4 Bg6 15.d4 exd4
16.cxd4 Bxf5 17.exf5 Nb5 18.dxc5 dxc5 19.Be3 Nbd4 20.Rb1 a5 21.Bxd4 Nxd4
22.Nxd4 cxd4 23.Qf3 b6 24.Bd3 Bd6 25.Kg2 Qf6 26.Rbc1 Rae8 27.Re4 Bb8 28.Kf1 Rxe4
29.Bxe4 Qe5 30.Bd3 h6 31.Rc6 Bc7 32.f6 g6 33.h4 Rd8 34.h5 g5 35.Rc2 Bd6 36.Re2 Qh2
37.Re4 Rc8 38.Qf5 Qh1+ 39.Ke2 Qc1 40.Qh7+  1-0

[Event "Mitropa Cup 2013"]
[Site "Meissen GER"]
[Date "2013.06.01"]
[Round "1.1"]
[White "Borisek,J"]
[Black "Jankovic,A"]
[Result "1/2-1/2"]
[WhiteElo "2552"]
[BlackElo "2537"]

1.e4 c5 2.Nf3 d6 3.Bb5+ Bd7 4.Bxd7+ Qxd7 5.c4 Nf6 6.Nc3 g6 7.d4 cxd4 8.Nxd4 Bg7
9.f3 O-O 10.Be3 Nc6 11.O-O a6 12.a4 e6 13.Nxc6 Qxc6 14.Rc1 Qxc4 15.Nd5 Nxd5
16.Rxc4 Nxe3 17.Qd3 Nxf1 18.Kxf1 Bxb2 19.Qxd6 b5 20.Rc2 Rfd8 21.Qf4 Bg7 22.Rc7 Rf8
23.a5 b4 24.Rb7 Bc3 25.h4 h5 26.g4 hxg4 27.h5 gxh5 28.e5 Rad8 29.Qg5+ Kh7
30.Qxh5+ Kg7 31.Qxg4+ Kh8 32.f4 Rd5 33.Qh5+ Kg8 34.Rc7 Rxa5 35.Rc4 Ra1+ 36.Kf2 Ra2+
37.Kf3 Ra3 38.Ke4 Ra1 39.Qg4+ Kh8 40.Qh3+ Kg8 41.Qg2+ Kh8 42.f5 Rd8 43.Qh2+ Kg7
44.f6+ Kg6 45.Qg2+ Kh5 46.Qe2+ Kh6 47.Kf3 Rh1 48.Qg2 Rd3+ 49.Ke4 Rhh3 50.Qg7+ Kh5
51.Qxf7+ Kg5 52.Qg7+ Kh5 53.Qh7+ Kg5 54.Qg7+ Kh5 55.Qg1 Rdg3 56.f7 Rxg1  1/2-1/2

[Event "2nd Server24 Open"]
[Site "Ortisei ITA"]
[Date "2013.06.01"]
[Round "1.4"]
[White "Hansen,Eric"]
[Black "Bianco,V"]
[Result "1-0"]
[WhiteElo "2577"]
[BlackElo "2145"]

1.e4 c5 2.Nf3 d6 3.Bb5+ Bd7 4.Bxd7+ Qxd7 5.c4 Nc6 6.d4 cxd4 7.Nxd4 Nf6 8.Nc3 g6
9.f3 Bg7 10.Nde2 O-O 11.O-O Rfd8 12.Bg5 h6 13.Bh4 Rab8 14.Kh1 a6 15.a4 Ne5
16.b3 Qe8 17.f4 Ned7 18.a5 Nc5 19.Qc2 Ne6 20.Bf2 g5 21.g3 Nc5 22.Rad1 Ncd7
23.Nd4 Ng4 24.Bg1 e6 25.Nf3 Qe7 26.Na4 gxf4 27.gxf4 Kh8 28.Qe2 Ngf6 29.Bf2 Nh5
30.Bh4 Bf6 31.Nd4 Ng7 32.Bg3 e5 33.Nf5 Nxf5 34.exf5 e4 35.Rfe1 Nc5 36.Nb6 Re8
37.Nd5 Qd8 38.Qh5  1-0

[Event "Icelandic Open Championship 2013"]
[Site "Reykjavik ISL"]
[Date "2013.06.01"]
[Round "3.18"]
[White "Thorsteinsdottir,H"]
[Black "Einarsson,Oskar Long"]
[Result "0-1"]
[WhiteElo "1985"]
[BlackElo "1605"]

1.e4 c5 2.Nf3 d6 3.Bb5+ Bd7 4.Bxd7+ Qxd7 5.c4 Nf6 6.Nc3 g6 7.O-O Bg7 8.d4 cxd4
9.Nxd4 Nc6 10.f3 Nxe4 11.fxe4 Bxd4+ 12.Kh1 Bxc3 13.bxc3 Ne5 14.Qd4 Rc8 15.Qxa7 Rxc4
16.Rb1 b5 17.Qb8+ Rc8 18.Qxb5 Rxc3 19.Qd5 O-O 20.Bb2 Rc5 21.Qd4 Ra8 22.a3 Ra4
23.Qf2 Qe6 24.Bxe5 Rxe5 25.Rb8+ Kg7 26.Qb6 Rexe4 27.Qd8 Rf4 28.Rg1 Rxa3 29.Qf8+ Kf6
30.Qh8+ Kg5 31.Qxh7 Rh4 32.Rb5+ d5 33.Qg7 Re3 34.Qb2 Qe5 35.Qxe5+ Rxe5 36.g3 Rh7
37.Rd1 e6 38.Rd2 Re3 39.Kg2 f5 40.Rb6 Rd7 41.h4+ Kf6 42.Rd4 Ke5 43.Ra4 Rd6
44.Rb5 Re4 45.Rxe4+ Kxe4 46.Kf2 d4 47.g4 d3 48.Ke1 fxg4 49.Rg5 d2+ 50.Kd1 e5
51.Rxg4+ Kf3 52.Rg1 e4 53.Rf1+ Ke3 54.Rh1 Kd3 55.h5 e3  0-1

[Event "Makedonia Palace GP"]
[Site "Thessaloniki GRE"]
[Date "2013.06.01"]
[Round "9.2"]
[White "Kasimdzhanov,R"]
[Black "Ivanchuk,V"]
[Result "1/2-1/2"]
[WhiteElo "2699"]
[BlackElo "2755"]

1.e4 c5 2.Nf3 d6 3.Bb5+ Bd7 4.Bxd7+ Qxd7 5.c4 Nf6 6.Nc3 g6 7.d4 cxd4 8.Nxd4 Bg7
9.h3 Qc7 10.b3 Qa5 11.Bd2 Nxe4 12.Nxe4 Qe5 13.Qb1 f5 14.Bc3 Qxe4+ 15.Qxe4 fxe4
16.Nb5 Bxc3+ 17.Nxc3 Na6 18.Nxe4 Rf8 19.O-O-O Rc8 20.Rhe1 Kd7 21.Kb2 Nc5
22.f3 Nxe4 23.Rxe4 Rc5 24.b4 Rcf5 25.Kc3 Rf4 26.Rxf4 Rxf4 27.Rd5 Kc6 28.a4 a6
29.Rd2 Rf5 30.Re2 Kd7 31.a5 d5 32.cxd5 Rxd5 33.Kc4 Rd1 34.Kc5 Rd6 35.b5 axb5
36.Re4 b4 37.Rxb4 Kc7 38.Re4 e6 39.Rf4 Rd5+ 40.Kb4 Kc6 41.Rf7 Rb5+ 42.Ka4 b6
43.a6 Ra5+ 44.Kb3 Rxa6 45.Rxh7 g5 46.h4 gxh4 47.Rxh4 b5 48.Re4 Kd5 49.Rb4 Kc5
50.Re4 Kd5 51.Rb4 Kc5  1/2-1/2

[Event "43rd Open A Bosna 2013"]
[Site "Sarajevo BIH"]
[Date "2013.06.02"]
[Round "2.9"]
[White "Cabarkapa,N"]
[Black "Jakovljevic,Vlado"]
[Result "1/2-1/2"]
[WhiteElo "2341"]
[BlackElo "2440"]

1.e4 c5 2.Nf3 d6 3.Bb5+ Bd7 4.Bxd7+ Qxd7 5.O-O Nf6 6.Qe2 Nc6 7.Rd1 e6 8.d4 cxd4
9.Nxd4 a6 10.c4 Be7 11.Nc3 O-O 12.b3 Rfd8 13.a4 Qc7 14.Ba3 Nd7 15.Qc2 Nxd4
16.Rxd4 Nc5 17.Rdd1 Bf6 18.Re1 Rac8 19.Rab1  1/2-1/2

[Event "43rd Open A Bosna 2013"]
[Site "Sarajevo BIH"]
[Date "2013.06.02"]
[Round "3.1"]
[White "Erdos,V"]
[Black "Kovacevic,A"]
[Result "1/2-1/2"]
[WhiteElo "2645"]
[BlackElo "2557"]

1.Nf3 c5 2.e4 d6 3.Bb5+ Bd7 4.Bxd7+ Qxd7 5.O-O Nc6 6.Qe2 Nf6 7.Rd1 e6 8.d4 cxd4
9.Nxd4 Be7 10.c4 O-O 11.Nc3 Nxd4 12.Rxd4 Qc6 13.b3 a6 14.Bb2 Rfd8 15.Rad1 Ne8
16.a4 Bf6 17.R4d3 Be5 18.Kh1  1/2-1/2

[Event "Mitropa Cup 2013"]
[Site "Meissen GER"]
[Date "2013.06.03"]
[Round "3.4"]
[White "Gallagher,Jo"]
[Black "Brunello,S"]
[Result "1/2-1/2"]
[WhiteElo "2507"]
[BlackElo "2580"]

1.e4 c5 2.Nf3 d6 3.Bb5+ Bd7 4.Bxd7+ Qxd7 5.O-O Nc6 6.c3 Nf6 7.Qe2 e6 8.d4 cxd4
9.cxd4 d5 10.e5 Ne4 11.Be3 Be7 12.Ne1 f6 13.f3 Ng5 14.Nd3 Nf7 15.f4 O-O 16.Nd2 fxe5
17.fxe5 Bg5 18.Nf3 Bxe3+ 19.Qxe3 Nh6 20.Qd2 Qe7 21.a3 Rxf3 22.gxf3 Nf5 23.Kh1 Rf8
24.f4 Ncxd4 25.Qf2 Nb3 26.Rae1 Qc7 27.Re2 Qc4 28.Rd1 d4 29.Ne1 Ne3 30.Rb1 Qd5+
31.Ng2 Nc5 32.Rxe3 dxe3 33.Qxe3 Nd3 34.Kg1 Qc4 35.Rf1 b6 36.b4 g6 37.Rf3 Nc1
38.h4 Ne2+ 39.Kh2 Nd4 40.Rh3 Nf5 41.Qd3 Qxd3 42.Rxd3 h5 43.Kh3 a5 44.bxa5 bxa5
45.Rc3 Rb8 46.Ne3 Nd4 47.Rc4 Ne2 48.Kg2 Rb3 49.Kf2 Nc3 50.Rc8+ Kf7 51.Rc7+ Kf8
52.Rc8+ Ke7 53.Rc7+ Kd8 54.Rg7 Ne4+ 55.Ke2 Rxa3 56.Rxg6 Nc5 57.f5 exf5 58.Rd6+ Ke8
59.Nxf5 Ra4 60.Kf3 Ne4 61.Ra6 Nc5 62.Ra7 Kf8 63.Nd6 Ne6 64.Rf7+ Kg8 65.Rf6 Nd4+
66.Ke4 Ne6+ 67.Kd5 Nf4+ 68.Kc6 Rb4 69.e6 Nxe6 70.Rxe6 Rxh4 71.Re7 Rg4 72.Re5 h4
73.Rxa5 Kg7 74.Kd7 Kg6 75.Ke6 h3 76.Ra3 h2 77.Rh3 Rg2 78.Ne4 Kg7 79.Ng3 Kg6
80.Ne4 Re2 81.Ke5 Kf7 82.Kf4 Ke6 83.Rh6+ Kd7 84.Kf3 Ra2 85.Nf2 Ra3+ 86.Kg2 Ra2
87.Rxh2 Ke6 88.Kf3 Ra3+ 89.Kf4 Ra4+ 90.Ne4 Kd5 91.Rh5+ Kd4 92.Rh6 Kd3 93.Rd6+ Rd4
94.Rxd4+ Kxd4  1/2-1/2

[Event "2nd Server24 Open"]
[Site "Ortisei ITA"]
[Date "2013.06.03"]
[Round "3.18"]
[White "Bernardi,R"]
[Black "Krulich,R"]
[Result "0-1"]
[WhiteElo "2079"]
[BlackElo "2229"]

1.e4 c5 2.Nf3 d6 3.Bb5+ Nd7 4.d4 Nf6 5.Nc3 cxd4 6.Qxd4 e5 7.Qd3 h6 8.O-O Be7
9.Be3 O-O 10.Rfd1 Qc7 11.Rac1 a6 12.Bc4 b5 13.Bd5 Bb7 14.Bxb7 Qxb7 15.a3 Rfd8
16.Nh4 Nc5 17.Bxc5 dxc5 18.Qf3 b4 19.Na4 Qc6 20.Nf5 Bf8 21.b3 bxa3 22.Nc3 c4
23.Nd5 Nxd5 24.exd5 Qc5 25.Qg4 g6 26.Ne3 c3 27.Qf3 Bg7 28.Nc4 f5 29.Ra1 e4
30.Qg3 Kh7 31.Rxa3 Rxd5 32.Raa1 Rad8 33.Rxd5 Qxd5 34.h3 Rg8 35.Rxa6 Qd1+
36.Kh2 Bd4 37.Ne3 Qd2 38.Rd6 Rg7 39.Nd5 Qxc2 40.Rd8 Qxb3 41.Qd6 Qb2 42.Ne3 Bxe3
43.fxe3 c2 44.Qf8 Qe5+ 45.g3 g5 46.Rc8 c1=Q  0-1

[Event "Grand Europe Open Albena"]
[Site "Albena BUL"]
[Date "2013.06.05"]
[Round "5.43"]
[White "Ljangov,P"]
[Black "Dolzhikova,K"]
[Result "0-1"]
[WhiteElo "2049"]
[BlackElo "2301"]

1.e4 c5 2.Nf3 d6 3.Bb5+ Bd7 4.Bxd7+ Qxd7 5.O-O Nc6 6.b3 Nf6 7.Re1 g6 8.Bb2 Bg7
9.c3 O-O 10.d4 cxd4 11.cxd4 d5 12.e5 Ne4 13.Nbd2 f5 14.exf6 Nxd2 15.f7+ Rxf7
16.Qxd2 Raf8 17.Qe3 Qg4 18.Qe6 Qxe6 19.Rxe6 Rf4 20.Rd1 g5 21.h3 h5 22.Bc1 Nxd4
23.Nxd4 Rxd4 24.Rde1 Bf6 25.Bxg5 Bxg5 26.Rg6+ Kf7 27.Rxg5 h4 28.Rh5 Ke8 29.Rh7 Rf7
30.Rh8+ Kd7 31.Rh6 Rd2 32.Rf1 Rf4 33.g3 hxg3 34.fxg3 Rxf1+ 35.Kxf1 d4 36.Rh4 e5
37.Re4 Ke6 38.Re2 Rd1+ 39.Kf2 d3 40.Re3 d2 41.Rd3 e4 42.Rd8 e3+ 43.Kf3 Rf1+
44.Kxe3 d1=Q 45.Rxd1 Rxd1  0-1

[Event "French Top 12 2013"]
[Site "Haguenau FRA"]
[Date "2013.06.05"]
[Round "7.2"]
[White "Iordachescu,V"]
[Black "Sanikidze,T"]
[Result "1/2-1/2"]
[WhiteElo "2582"]
[BlackElo "2549"]

1.e4 c5 2.Nf3 d6 3.Bb5+ Nd7 4.O-O a6 5.Bd3 Ngf6 6.c3 g6 7.Bc2 Bg7 8.d4 Qc7
9.a4 O-O 10.Re1 e5 11.dxe5 Nxe5 12.h3 Re8 13.Na3 Nxf3+ 14.Qxf3 Be6 15.Bg5 Nd7
16.Rad1 Qb6 17.Bc1 c4 18.Qe3 Qc6 19.Qd2 Bf8 20.Qd4 b5 21.axb5  1/2-1/2

[Event "2nd Server24 Open"]
[Site "Ortisei ITA"]
[Date "2013.06.05"]
[Round "5.17"]
[White "Roesch,Mario"]
[Black "Krulich,R"]
[Result "1-0"]
[WhiteElo "2045"]
[BlackElo "2229"]

1.e4 c5 2.Nf3 d6 3.Bb5+ Nd7 4.d4 a6 5.Bxd7+ Bxd7 6.c4 cxd4 7.Nxd4 e5 8.Ne2 h6
9.Nbc3 Nf6 10.f3 Rc8 11.Qd3 Be7 12.Be3 O-O 13.O-O Be6 14.b3 Nd7 15.Nd5 Bxd5
16.Qxd5 Qc7 17.Ng3 Rfd8 18.Nf5 Bf8 19.Rfd1 Nf6 20.Qd3 Kh7 21.Bf2 g6 22.Ne3 Qd7
23.Nd5 Nxd5 24.Qxd5 Kg8 25.Bb6 Re8 26.a4 Qc6 27.a5 Qxd5 28.Rxd5 f6 29.g4 Kf7
30.Kg2 Ke6 31.Kg3 Be7 32.Rad1 f5 33.exf5+ gxf5 34.Re1 Rg8 35.h3 fxg4 36.hxg4 h5
37.Rh1 hxg4 38.Rh6+ Bf6 39.fxg4 Rh8 40.Be3 Rxh6 41.Bxh6 Rh8 42.g5 Be7 43.Rd1 Kf7
44.Kg4 Kg6 45.Rf1 Rc8 46.Rf5 Rd8 47.b4 Re8 48.c5 dxc5 49.Rxe5 cxb4 50.Re6+ Kf7
51.Rb6 Bc5 52.g6+ Kg8 53.Rxb7 Rc8 54.Rg7+ Kh8 55.Rh7+ Kg8 56.Rg7+ Kh8 57.Rh7+ Kg8
58.Bg7 Rc6 59.Kf5 Bd6 60.Bf6  1-0

[Event "Icelandic Open Championship 2013"]
[Site "Reykjavik ISL"]
[Date "2013.06.05"]
[Round "7.2"]
[White "Kristjansson,St"]
[Black "Gretarsson,Hj"]
[Result "1/2-1/2"]
[WhiteElo "2494"]
[BlackElo "2516"]

1.e4 c5 2.Nf3 d6 3.Bb5+ Bd7 4.Bxd7+ Qxd7 5.O-O Nf6 6.Qe2 Nc6 7.c3 e6 8.d3 Be7
9.Rd1 O-O 10.Nbd2 b5 11.d4 cxd4 12.cxd4 Qb7 13.Nf1 d5 14.e5 Nd7 15.Bf4 Rac8  1/2-1/2

[Event "Grand Europe Open Albena"]
[Site "Albena BUL"]
[Date "2013.06.06"]
[Round "6.25"]
[White "Sanduleac,V"]
[Black "Dolzhikova,K"]
[Result "1-0"]
[WhiteElo "2414"]
[BlackElo "2301"]

1.e4 c5 2.Nf3 d6 3.Bb5+ Bd7 4.Bxd7+ Qxd7 5.O-O Nc6 6.c3 Nf6 7.Qe2 e6 8.d4 cxd4
9.cxd4 d5 10.e5 Ne4 11.Be3 Be7 12.Rd1 O-O 13.Ne1 f6 14.f3 Ng5 15.Nd3 fxe5
16.dxe5 Rad8 17.Nd2 d4 18.Bf2 Qd5 19.a3 a5 20.Rac1 b5 21.f4 Nf7 22.Qe4 Qxe4
23.Nxe4 Rc8 24.Rc2 b4 25.Rdc1 Nfd8 26.axb4 axb4 27.Kf1 g5 28.fxg5 Rf5 29.Nd6 Bxd6
30.exd6 e5 31.Nxb4 e4 32.d7 Rc7 33.Nxc6 Rxd7 34.Rc5 Rf8 35.Ne5 Rb7 36.Kg1 e3
37.Bg3 Rxb2 38.Rd5 Ne6 39.Rd6 Nc5 40.Rxd4 Nb3 41.Rb4 e2 42.Nf3 Rd8 43.Re1 Rd1
44.Kf2 Rbb1 45.Kxe2 Rxe1+ 46.Bxe1 Nc1+ 47.Kf2 Ra1 48.Rd4 Nb3 49.Rd5 Kf7 50.h4 Kg6
51.Rd6+ Kh5 52.Nh2  1-0

[Event "Grand Europe Open Albena"]
[Site "Albena BUL"]
[Date "2013.06.06"]
[Round "6.39"]
[White "Reipsch,J"]
[Black "Vutov,M"]
[Result "0-1"]
[WhiteElo "2221"]
[BlackElo "2348"]

1.e4 c5 2.Nf3 d6 3.Bb5+ Nd7 4.O-O a6 5.Be2 Ngf6 6.d3 b5 7.b3 g6 8.Bb2 Bg7
9.a4 Rb8 10.axb5 axb5 11.Nbd2 O-O 12.Ra2 e5 13.b4 Qc7 14.bxc5 Nxc5 15.d4 exd4
16.Nxd4 Bd7 17.Qa1 Na4 18.Bxb5 Nxb2 19.Qxb2 Ng4 20.h3 Qb6 21.N2f3 Ne5 22.Nxe5 Bxe5
23.Bxd7 Qxb2 24.Rxb2 Rxb2 25.c3 Rd8 26.Bg4 h5 27.Nc6 Ra8 28.Nxe5 dxe5 29.Bf3 Rc2
30.Rb1 Ra5 31.Bd1 Rxc3 32.Bb3 Rac5 33.Rb2 Kg7 34.Bd5 Rc1+ 35.Kh2 R1c2 36.Rxc2 Rxc2
37.Kg3 h4+ 38.Kxh4 Rxf2 39.Kg3 Rf4  0-1

[Event "35th Nezhmetdinov Cup"]
[Site "Kazan RUS"]
[Date "2013.06.06"]
[Round "7.38"]
[White "Pushkin,E"]
[Black "Sazonova,A"]
[Result "0-1"]
[WhiteElo "2170"]
[BlackElo "2097"]

1.Nf3 c5 2.e4 d6 3.Bb5+ Bd7 4.a4 Nf6 5.Qe2 Nc6 6.c3 e6 7.d4 cxd4 8.cxd4 d5
9.e5 Ne4 10.O-O Be7 11.Nbd2 Nxd2 12.Bxd2 O-O 13.Rfc1 a5 14.Rc3 Nb4 15.Bxd7 Qxd7
16.Bg5 Rfc8 17.Bxe7 Qxe7 18.h3 h6 19.Kh2 Rc7 20.Qb5 Rac8 21.Qxa5 Rxc3 22.bxc3 Rxc3
23.Rb1 Rc4 24.Qa8+ Kh7 25.Qa7 Rc7 26.Qb6 Nd3 27.Kg1 Qd7 28.Rd1 Nf4 29.a5 Qc8
30.Kh2 Rc2 31.Rd2 Rxd2 32.Nxd2 Qc2 33.Qb4 Nd3 34.Qxb7 Qxd2 35.Qxf7 Nf4 36.Kg3 Ne2+
37.Kh2 Qe1 38.h4 Qg1+ 39.Kh3 Qh1+ 40.Kg4 Qxg2+ 41.Kh5 Nf4+  0-1

[Event "FIDE World Rapid 2013"]
[Site "Khanty-Mansiysk RUS"]
[Date "2013.06.06"]
[Round "2.2"]
[White "Zvjaginsev,V"]
[Black "Nepomniachtchi,I"]
[Result "0-1"]
[WhiteElo "2659"]
[BlackElo "2717"]

1.e4 c5 2.Nf3 d6 3.Bb5+ Nd7 4.O-O Nf6 5.Re1 a6 6.Bd3 g6 7.c3 Ne5 8.Nxe5 dxe5
9.Bf1 Bg7 10.a4 b6 11.Na3 O-O 12.Nc4 Qc7 13.a5 b5 14.Nb6 Rb8 15.d3 Bb7 16.Be3 Rfd8
17.f3 Nd7 18.Qe2 e6 19.Qf2 Bf8 20.Nxd7 Rxd7 21.Kh1 Rc8 22.Bg5 f5 23.exf5 exf5
24.Bf6 Bd6 25.Qh4 Rf7 26.Bg5 Re8 27.f4 e4 28.Re3 Bf8 29.Bh6 Qd8 30.Qxd8 Rxd8
31.Bxf8 Kxf8 32.Rd1 Kg7 33.Kg1 Kf6 34.h4 Rfd7 35.Kf2 Rd6 36.Be2 h6 37.g4 fxg4
38.Bxg4 exd3 39.Re5 Bc8 40.Bxc8 Rxc8 41.Ke3 c4 42.Kd2 Rcc6 43.h5 g5 44.Rf1 Re6
45.Rd5 Re2+ 46.Kc1 g4 47.Rg1 Rce6 48.f5 Re1+ 49.Rxe1 Rxe1+ 50.Kd2 Re2+  0-1

[Event "FIDE World Rapid 2013"]
[Site "Khanty-Mansiysk RUS"]
[Date "2013.06.06"]
[Round "4.3"]
[White "Khairullin,I"]
[Black "Salem,AR"]
[Result "1-0"]
[WhiteElo "2658"]
[BlackElo "2531"]

1.e4 c5 2.Nf3 d6 3.Bb5+ Bd7 4.Bxd7+ Qxd7 5.c4 Nf6 6.Nc3 Nc6 7.d4 cxd4 8.Nxd4 g6
9.h3 Bg7 10.Be3 O-O 11.O-O Rfc8 12.Nde2 Rab8 13.b3 a6 14.Na4 b5 15.Nb6 Rxb6
16.Bxb6 bxc4 17.bxc4 Nxe4 18.Rc1 Bh6 19.f4 Bg7 20.Qd5 Nf6 21.Qd3 a5 22.a3 Qb7
23.Be3 Qa6 24.Nc3 Nd8 25.Nb5 Ne6 26.f5 Nc5 27.Bxc5 Rxc5 28.fxg6 hxg6 29.Rfe1 Qb6
30.Kh1 d5 31.a4 Ne4 32.Qe3 f5 33.cxd5 Rxc1 34.Qxb6 Rxe1+ 35.Kh2 Be5+ 36.g3 Bxg3+
37.Kg2 Re2+ 38.Kf3 Rf2+ 39.Ke3 Bf4+ 40.Kd3 Rd2+ 41.Kc4 Kh7 42.Qxa5 Rc2+ 43.Kb3 Rc1
44.Qa7 Nc5+ 45.Kb2 Nd3+ 46.Ka3 Rb1 47.Qxe7+ Kh6 48.Qf8+ Kh7 49.Qe7+ Kh6 50.d6 Bc1+
51.Ka2 Rb2+ 52.Ka1 Nb4 53.Nd4 Rd2 54.Qh4+ Kg7 55.Ne6+  1-0